00335nam a2200121Ia 4500008004100000020001600041050000800057050001600065100002800081245005700109260003200166300001500198160114s9999 xx 000 0 und d a0-439222559 a809 b.H737e 2003 aHollenbeck, Kathleen M. aNeighborhood and Community /cKathleen M Hollenbeck. aUSA bScholastic Inc.c2003 a48 pages ;